| 000 | 01016cam a2200337 a 4500 | ||
|---|---|---|---|
| 999 |
_c1019 _d1019 |
||
| 001 | 000022959272 | ||
| 003 | CaOOAMICUS | ||
| 005 | 20210623081151.0 | ||
| 008 | 000111s2000 onc b 001 0 eng c | ||
| 016 | _a009302336 | ||
| 020 | _a1551112736 : | ||
| 035 | _a(Sirsi) 9034358 | ||
| 035 | _a9034358 | ||
| 040 |
_aCaOTU _beng _cCaOTU |
||
| 050 |
_aPE1112 _b.O38 2000 |
||
| 055 | 3 |
_aPE1112 _b.O38 2000 |
|
| 082 | 0 |
_a425 _221 |
|
| 090 | _a425 ODW | ||
| 100 | 1 | _aO'Dwyer, Bernard. | |
| 245 | 1 | 0 |
_aModern English structures : _bform, function and position / _cBernard T. O'Dwyer. |
| 260 |
_aPeterborough, Ont. : _bBroadview Press, _c2000. |
||
| 300 | _a272 pages | ||
| 336 |
_atext _btxt _2rdacontent |
||
| 337 |
_aunmediated _bn _2rdamedia |
||
| 338 |
_avolume _bnc _2rdacarrier |
||
| 504 | _aIncludes bibliographical references and index. | ||
| 650 | 0 |
_aEnglish language _xGrammar. |
|
| 906 |
_aAN:0:2 _aBE:0:1 _aCL:1:16 _aDO:0:2 _aPR:0:3 _aRS:1:6 |
||
| 942 |
_2lcc _cBK _nSO |
||
| 948 |
_a12/01/2000 _b12/10/2006 |
||